Rural Poverty (Record no. 2054)
[ view plain ]
| 000 -LEADER | |
|---|---|
| fixed length control field | 00199 a2200085 4500 |
| 082 ## - DEWEY DECIMAL CLASSIFICATION NUMBER | |
| Classification number | 307.1412 COR |
| 100 ## - MAIN ENTRY--PERSONAL NAME | |
| Personal name | Cord, Louise |
| 245 ## - TITLE STATEMENT | |
| Title | Rural Poverty |
| Statement of responsibility, etc. | Louise Cord |
| 300 ## - PHYSICAL DESCRIPTION | |
| Extent | 65-485p. : |
| Other physical details | ill. ; |
| Dimensions | 30 cm |
| 650 ## - SUBJECT ADDED ENTRY--TOPICAL TERM | |
| Topical term or geographic name entry element | Rural Poverty |
| Withdrawn status | Lost status | Damaged status | Not for loan | Permanent Location | Current Location | Shelving location | Date acquired | Total Checkouts | Full call number | Barcode | Date last seen | Price effective from | Koha item type |
|---|---|---|---|---|---|---|---|---|---|---|---|---|---|
| School of Civil and Environmental Engineering (SCEE) | School of Civil and Environmental Engineering (SCEE) | 307.1412 COR | NIT-1234 | 01/05/2017 | 01/05/2017 | Book |
